000 00706nam a2200289Ia 4500
005 20260324112607.0
008 008 260324s9999 xx 000 0 eng d
020 _a9781003456223
037 _aEBOOK
040 _aCRL
040 _beng
040 _cCRL
041 _2eng
041 _aeng
084 _qCRL
100 _aIsami Kinoshita; Mitsunari Terada
_91143351
245 0 _aSocial Capital for a Child-Friendly City
245 0 _bHousing, Streets, and Parks
260 _bTaylor and Francis
260 _c2024
365 _a
365 _b220
856 _uhttp://www.taylorfrancis.com/books/9781003456223
942 _cEBOOK
999 _c1732611
_d1732611